| 000 | 00458pab a2200193 454500 | ||
|---|---|---|---|
| 008 | 180718b2007 xxu||||| |||| 00| 0 eng d | ||
| 100 | _aAlexander, P.C. | ||
| 245 | _aNorth east: make better use of IAS. IPS in north east | ||
| 260 | _c2007 | ||
| 300 | _ap.38-39. | ||
| 362 | _aDec | ||
| 650 | _aIPS | ||
| 650 | _aIAS | ||
| 650 | _aCivil service - India, North east | ||
| 650 | _aCivil service | ||
| 773 | _aYojana | ||
| 908 | _aN | ||
| 909 | _a76398 | ||
| 999 |
_c76398 _d76398 |
||